| 000 | 00000nam##2200000za#4500 |
| 001 | 9.614887 |
| 003 | CaOODSP |
| 005 | 20240527135427 |
| 007 | ta |
| 008 | 150406|2000||||xxc||||| f|0| 0 eng|d |
| 020 | |a0-662-28025-3 |
| 022 | |a0831-6481 |
| 040 | |aCaOODSP|beng |
| 043 | |an-cn--- |
| 086 | 1 |aCW69-5/338E |
| 110 | 2 |aCanadian Wildlife Service. |
| 245 | 10|aBiochemical methods to determine cholinesterase activity in wildlife exposed to pesticides / |cby S.F. Trudeau and G.L. Sans Cartier. |
| 260 | |aOttawa - Ontario : |bEnvironment Canada. |c2000. |
| 300 | |aiii, 41p. in various pagings. ; |c28 cm. |
| 490 | 1 |aTechnical report series|x0831-6481|v338 |
| 500 | |a"This report contains detailed descriptions of the analytical methodologies used, which are based on well established spectrophotometric techniques. It has been prepared, more specifically, to provide a citable reference for our clients and collaborators."--Preface. |
| 520 | 3 |aThis report contains detailed descriptions of the analytical methodologies used, which are based on well established spectrophotometric techniques. It has been prepared, more specifically, to provide a citable reference for our clients and collaborators.--Preface |
| 546 | |aRésumés en français |
| 563 | |aSpiral binding |
| 590 | |a00-15|b2000-04-14 |
| 690 | 07|aWildlife|2gcpds |
| 690 | 07|aPesticides|2gcpds |
| 690 | 07|aToxicology|2gcpds |
| 720 | 1 |aSans Cartier, G. L. |
| 720 | 1 |aTrudeau, S. F. |
| 776 | 0#|tBiochemical methods to determine cholinesterase activity in wildlife exposed to pesticides / |w(CaOODSP)9.571424 |
| 830 | #0|aTechnical report series,|x0831-6481|v338|w(CaOODSP)9.514492 |